Colección legislativa de minas. (Record no. 184729)

MARC details
000 -LEADER
campo de control de longitud fija 00598nam a2200193 i 4500
001 - NÚMERO DE CONTROL
campo de control 184729
003 - IDENTIFICADOR DE NÚMERO DE CONTROL
campo de control ES-MaACL
005 - FECHA Y HORA DE LA ÚLTIMA TRANSACCIÓN
campo de control 20250827062642.0
008 - DATOS DE LONGITUD FIJA--INFORMACIÓN GENERAL
campo de control de longitud fija 151119s1865 sp |||| | spa d
110 1# - ENTRADA PRINCIPAL--NOMBRE DE ENTIDAD CORPORATIVA
Nombre de entidad corporativa o nombre de jurisdicción como elemento de entrada España
9 (RLIN) 3622
243 10 - TÍTULO UNIFORME COLECTIVO
Título uniforme <a href="[Leyes, etc. de minas]">[Leyes, etc. de minas]</a>
245 10 - MENCIÓN DEL TÍTULO
Título Colección legislativa de minas.
250 ## - MENCION DE EDICION
Mención de edición Ed. oficial.
260 ## - PUBLICACIÓN, DISTRIBUCIÓN, ETC.
Lugar de publicación, distribución, etc. [S.l.] :
Nombre del editor, distribuidor, etc. [s.n.],
Fecha de publicación, distribución, etc. 1865 (
Lugar de fabricación/manufactura Madrid :
Fabricante Imp. Nacional)
300 ## - DESCRIPCIÓN FÍSICA
Extensión 232 p., [1] h. pleg., [1] h. pleg. de plano ;
Dimensiones 23 cm.
650 ## - PUNTO DE ACCESO ADICIONAL DE MATERIA--TÉRMINO DE MATERIA
Término de materia o nombre geográfico como elemento de entrada Minas-
Subdivisión general Derecho y legislación-
Subdivisión geográfica España.
9 (RLIN) 175982
852 ## - LOCALIZACIÓN
Ubicación ES-MaACL
Número de control de estantería G-2722
Holdings
Estatus retirado Estado de pérdida Estado de daño No para préstamo Colección Biblioteca de origen Biblioteca actual Ubicación en estantería Fecha de adquisición Fuente de adquisición Total de préstamos Signatura topográfica completa Código de barras Visto por última vez Precio de reemplazo Tipo de ítem Koha
        Libros del s. XIX Biblioteca del Ateneo de Madrid Biblioteca del Ateneo de Madrid Depósito 2 19/11/2015     G-2722 1194509 23/02/2023 23/02/2023 Libro impreso antiguo